000 00830nam a2200217Ia 4500
999 _c36536
_d36536
001 2454
003 GE_BSU
005 20221229163839.0
008 181216s2004||||ge |||||||||||||| ||geo||
020 _a999283210
040 _cGE_BSU
041 _ageo
080 _a342.9(479.22)(094.4) ს–52
245 _aსაქართველოს ადმინისტრაციული საპროცესო კოდექსის კომენტარი /
_c[რედ.: ვ. ლორია].
264 _aთბილისი:
_bმერიდიანი,
_c2004.
300 _a238 გვ.;
_b20სმ.
653 _aსამართალი
653 _a საპროცესო კოდექსი
700 _aლორია, ვ.
_eრედაქტორი
_96812
942 _cBK
_2udc